| 000 | 00417cam a2200157ua 4500 | ||
|---|---|---|---|
| 003 | OSt | ||
| 008 | 250527b |||||||| |||| 00| 0 eng d | ||
| 041 | _aeng | ||
| 082 |
_a624.17 _bRAJ/PR |
||
| 100 |
_aRajaraman, S. _97506 |
||
| 245 | _aProblems in strength of materials and theory of structures / | ||
| 250 | _a8 / | ||
| 260 |
_aThiruvananthapuram : _bSt Josephs Press , _c1958. |
||
| 300 | _a313 ; . | ||
| 942 | _cBK | ||
| 999 |
_c9236 _d9236 |
||